000 00297nam a2200109Ia 4500
008 220204s9999 xx 000 0 und d
082 _a547.25
_bTSU
245 0 _aFundamental research in organometallic chemistry
260 _aNew York
_bVan Nostrand
_c1982
700 _aTsutsui, Minoru
942 _cBK
999 _c36738
_d36738